Dopady inflácie na reálne príjmy obyvateľov diplomová práca

Gespeichert in:
Bibliographische Detailangaben
1. Verfasser: Maľáková, Romana
Körperschaft: Podnikovohospodárska fakulta EU so sídlom v Košiciach. Katedra ekonómie a manažmentu
Weitere Verfasser: Duľová Spišáková, Emília, 1983-
Format: Buch
Sprache:Slowakisch
Veröffentlicht: Košice 2024
Tags: Tag hinzufügen
Keine Tags, Fügen Sie das erste Tag hinzu!

MARC

LEADER 00000nbm a2200000 4500
001 0301379
005 20250303102203.0
041 0 |a slo 
044 |a SK 
245 1 0 |a Dopady inflácie na reálne príjmy obyvateľov  |b diplomová práca  |c Romana Maľáková ; školiteľ: Emília Duľová Spišáková 
264 1 |a Košice  |c 2024 
300 |a 82 s. 
100 1 |a Maľáková, Romana 
700 1 |a Duľová Spišáková, Emília, 1983- 
710 2 |a Podnikovohospodárska fakulta EU so sídlom v Košiciach. Katedra ekonómie a manažmentu